Manifiesto sobre la conducta observada por el ciudadano Diego Moreno, al dejar el gobierno del Estado Soberano de Michoacan

Detalles Bibliográficos
Otros Autores: Moreno, Diego, gobernador de Michoacán
Formato: Libro
Lenguaje:Spanish
Publicado: Mexico : imprenta del Aguila, dirigida por José Ximeno, 1833.
Materias:
Colección:Banco de datos
Acervo:Biblioteca Palafoxiana. Colección de Pliegos Sueltos
Descripción Física:23 p. ; 20.5 cm.
Tema general:Política
LEADER 00652nam a22001810004500
035 |a 2231 
041 0 |a spa 
082 0 4 |a FR/PAFX/IMPS/C087/02556 
245 1 0 |a Manifiesto sobre la conducta observada por el ciudadano Diego Moreno, al dejar el gobierno del Estado Soberano de Michoacan 
260 |a Mexico : imprenta del Aguila, dirigida por José Ximeno, 1833. 
300 |a 23 p. ; 20.5 cm. 
610 1 4 |a México - Historia - Federalismo, 1824-1835 
650 1 0 |a Política 
700 1 |a Moreno, Diego, gobernador de Michoacán 
949 |a I02556 
942 |c PALAPLIE 
943 |g Biblioteca Palafoxiana. Colección de Pliegos Sueltos 
999 |c 1075521  |d 1075521